LEADER 01537nam--2200397---450- 001 990002892090203316 005 20100702163804.0 010 $a88-387-3387-2 035 $a000289209 035 $aUSA01000289209 035 $a(ALEPH)000289209USA01 035 $a000289209 100 $a20070329d2006----km-y0itay50------ba 101 $aita 102 $aIT 105 $a||||||||001yy 200 1 $aManuale pratico dell'invalidità civile e della disabilità$eguida alle procedure per l'assistenza con formulario, giurisprudenza e casistica$ediritto assistenziale di invalidi civili, ciechi e sordomuti, diritto dei disabili$eaggiornato alla Legge 1. marzo 2006, n. 67 (misure per la tutela giudiziaria delle persone con disabilita vittime di discriminazioni)$fVincenzo Micela 210 $aSantarcangelo di Romagna$cMaggioli$dcopyr. 2006 215 $a591 p.$d24 cm$e1 cd-rom 225 2 $aLegale$v107 410 0$12001$aLegale$v107 454 1$12001 461 1$1001-------$12001 606 0 $aDisabili$xDiritti$xTutela 606 0 $aInvalidità$xLegislazioni 676 $a362.4 700 1$aMICELA,$bVincenzo$0596473 801 0$aIT$bsalbc$gISBD 912 $a990002892090203316 951 $aXXX.A. Coll. 99/ 70 (COLL STY 107)$b51880 G$cXXX.A. Coll. 99/ 70 (COLL STY)$d00123240 959 $aBK 969 $aGIU 979 $aCAPORASO$b90$c20070329$lUSA01$h1508 979 $aRSIAV4$b90$c20100702$lUSA01$h1638 996 $aManuale pratico dell'invalidità civile e della disabilità$9989988 997 $aUNISA LEADER 02621nam0 2200577 i 450 001 VAN0055196 005 20240103084826.14 010 $a03-87969-22-5 010 $a978-14-7573-833-9 100 $a20061105d1989 |0itac50 ba 101 $aeng 102 $aUS 105 $a|||| ||||| 200 1 $aˆA ‰course in modern geometries$fJudith N. Cederberg 210 $aNew York$cSpringer$d1989 215 $aXII, 232 p.$d24 cm 410 1$1001VAN0024019$12001 $aUndergraduate texts in mathematics$1210 $aBerlin [etc.]$cSpringer 606 $a51-XX$xGeometry [MSC 2020]$3VANC019810$2MF 606 $a51N15$xProjective analytic geometry [MSC 2020]$3VANC019818$2MF 606 $a51M10$xHyperbolic and elliptic geometries (general) and generalizations [MSC 2020]$3VANC020835$2MF 606 $a51E15$xFinite affine and projective planes (geometric aspects) [MSC 2020]$3VANC021265$2MF 606 $a51A05$xGeneral theory of linear incidence geometry and projective geometries [MSC 2020]$3VANC023611$2MF 606 $a51A30$xDesarguesian and Pappian geometries [MSC 2020]$3VANC023672$2MF 606 $a51M05$xEuclidean geometries (general) and generalizations [MSC 2020]$3VANC023698$2MF 606 $a51N10$xAffine analytic geometry [MSC 2020]$3VANC023706$2MF 606 $a51N20$xEuclidean analytic geometry [MSC 2020]$3VANC023720$2MF 606 $a94B05$xLinear codes, general [MSC 2020]$3VANC025233$2MF 610 $aAbstract algebra$9KW:K 610 $aAlgebra$9KW:K 610 $aDesign$9KW:K 610 $aFinite$9KW:K 610 $aForms$9KW:K 610 $aFrameworks$9KW:K 610 $aGeometry$9KW:K 610 $aLinear algebra$9KW:K 610 $aMathematics$9KW:K 610 $aMatrix$9KW:K 610 $aNon-Euclidean Geometry$9KW:K 610 $aPresentation$9KW:K 610 $aProjective geometry$9KW:K 610 $aTransformations$9KW:K 620 $aUS$dNew York$3VANL000011 700 1$aCederberg$bJudith N.$3VANV043715$055381 712 $aSpringer $3VANV108073$4650 801 $aIT$bSOL$c20240614$gRICA 856 4 $u/sebina/repository/catalogazione/documenti/Cederberg - A course in modern geometries.pdf$zContents 912 $aVAN0055196 950 $aBIBLIOTECA DEL DIPARTIMENTO DI MATEMATICA E FISICA$d08CONS 51-XX 0733 $e08 3099 I a 20061105 950 $aBIBLIOTECA DEL DIPARTIMENTO DI MATEMATICA E FISICA$d08PREST 51-XX 0733 $e08 4402 I b 20061105 996 $aCourse in modern geometries$983044 997 $aUNICAMPANIA